| 000 | 00609cam a2200205 a 4500 | ||
|---|---|---|---|
| 003 | OSt | ||
| 005 | 20140310182032.0 | ||
| 008 | 970411s1994 cau 001 0 eng | ||
| 020 | _a0931580633 (hardcover) | ||
| 050 | 0 | 0 |
_aBF 637.S8 _b.M478 1994 |
| 082 | 0 | 0 |
_aHS 170 _bMc25 1991 |
| 100 | 1 |
_aMcWilliams, Peter. _910338 |
|
| 245 | 1 | 0 |
_aDo it! : _blet's get off our buts / _cPeter McWilliams |
| 260 |
_aLos Angeles, Calif. : _bPrelude Press, _cc1994. |
||
| 300 |
_a561 p. ; _c22 cm. |
||
| 440 | 0 |
_aLife 101 series. _910339 |
|
| 650 | 0 |
_aSuccess _xPsychological aspects. _910340 |
|
| 942 |
_2lcc _cHS |
||
| 999 |
_c8590 _d8590 |
||